| 000 | 00464pab a2200169 454500 | ||
|---|---|---|---|
| 008 | 180718b1997 xxu||||| |||| 00| 0 eng d | ||
| 100 | _aMurali Krishna, P. | ||
| 245 | _aOrganisational and HRD climate in B.H.E.L. - An empirical study | ||
| 260 | _c1997 | ||
| 300 | _ap.209-216. | ||
| 362 | _aApr-Jun | ||
| 650 | _aHuman resources development | ||
| 700 | _aSubba Rao, P. | ||
| 773 | _aIndian Journal of Public Administration | ||
| 908 | _aN | ||
| 909 | _a35260 | ||
| 999 |
_c35260 _d35260 |
||